[Event "DVM U20 2007"]
[Site "Kelheim GER"]
[Date "2007.12.27"]
[Round "2"]
[White "Schwarz, Andreas"]
[Black "Kaiser, Sören"]
[Result "1-0"]
[Termination "normal"]
[Board "4.6"]
[WhiteElo "1922"]
[BlackElo "1437"]
[WhiteTeam "SC Dillingen"]
[BlackTeam "SC Tamm"]
[PlyCount "53"]
[WhiteFideId "24631795"]
[BlackFideId "24669628"]
[EventCountry "GER"]
[EventRounds "7"]
[EventType "team-swiss"]
[EventDate "2007.12.26"]

1. e4 g6 2. d4 Bg7 3. Be3 d6 4. Nc3 Nd7 5. Qd2 e5 6. O-O-O Ngf6 7. Be2 O-O 8.
h4 h5 9. f3 exd4 10. Bxd4 Nb6 11. g4 hxg4 12. fxg4 Nxg4 13. Bxg7 Kxg7 14. Nf3
Nf2 15. Qd4+ Qf6 16. Qxf2 Bg4 17. Rdg1 Qf4+ 18. Kb1 f5 19. Qd4+ Kh6 20. exf5
Qxd4 21. Nxd4 Bxf5 22. Nxf5+ Rxf5 23. Bd3 Rf6 24. a3 Re8 25. Rg5 Re5 26. Rhg1
Rxg5 27. hxg5+ 1-0

[Event "DVM U20 2007"]
[Site "Kelheim GER"]
[Date "2007.12.27"]
[Round "2"]
[White "Schneider, Christian"]
[Black "Lindenberg, Georg"]
[Result "1-0"]
[Termination "normal"]
[Board "5.2"]
[WhiteElo "2064"]
[BlackElo "2135"]
[WhiteTeam "SG Blau-Weiß Stadtilm"]
[BlackTeam "SGem Pang/Rosenheim"]
[PlyCount "67"]
[WhiteFideId "24613886"]
[BlackFideId "24612170"]
[EventCountry "GER"]
[EventRounds "7"]
[EventType "team-swiss"]
[EventDate "2007.12.26"]

1. Nc3 c5 2. e4 Nc6 3. f4 g6 4. Nf3 Bg7 5. d3 e6 6. g3 Nge7 7. Bg2 O-O 8. O-O
d6 9. Be3 Nd4 10. Qd2 Qd7 11. Ne1 Rb8 12. Nd1 b6 13. c3 Ndc6 14. Nf3 Bb7 15. g4
f5 16. gxf5 exf5 17. h4 Na5 18. Qc2 c4 19. Nf2 cxd3 20. Qxd3 fxe4 21. Nxe4 Nf5
22. Bf2 Rbe8 23. Rae1 Qc7 24. Nd4 d5 25. Ng5 Nxd4 26. Bxd4 Rxe1 27. Rxe1 Qxf4
28. Rf1 Bxd4+ 29. cxd4 Qd6 30. Rxf8+ Qxf8 31. Qe3 h6 32. Qe6+ Kg7 33. Qd7+ Kf6
34. Nh7# 1-0

[Event "DVM U20 2007"]
[Site "Kelheim GER"]
[Date "2007.12.27"]
[Round "2"]
[White "Berchtenbreiter, Maximilian"]
[Black "Hoffmann, Lena"]
[Result "0-1"]
[Termination "normal"]
[Board "5.3"]
[WhiteElo "2030"]
[BlackElo "1876"]
[WhiteTeam "SGem Pang/Rosenheim"]
[BlackTeam "SG Blau-Weiß Stadtilm"]
[PlyCount "104"]
[WhiteFideId "24641120"]
[BlackFideId "24626597"]
[EventCountry "GER"]
[EventRounds "7"]
[EventType "team-swiss"]
[EventDate "2007.12.26"]

1. e4 d5 2. exd5 Qxd5 3. Nc3 Qa5 4. d4 c6 5. Bc4 Nf6 6. Bd2 Qc7 7. Qe2 Bf5 8.
Nf3 e6 9. Bb3 Bg4 10. h3 Bxf3 11. Qxf3 Bd6 12. O-O-O Nbd7 13. g4 O-O 14. g5 Nd5
15. Ne2 b5 16. c3 a5 17. Bc2 Ne7 18. Ng3 c5 19. dxc5 Nxc5 20. Be3 Rac8 21. Nh5
Nd7 22. Bd4 Be5 23. Nxg7 Kxg7 24. Bxe5+ Nxe5 25. Qf6+ Kg8 26. Rd4 N5g6 27. h4
Qe5 28. h5 Nd5 29. Rxd5 Qxd5 30. Rd1 Qe5 31. hxg6 Qxf6 32. gxh7+ Kg7 33. gxf6+
Kxf6 34. Rg1 Rh8 35. f4 b4 36. cxb4 axb4 37. Kd2 Ke7 38. Rg7 Kf8 39. Rg2 f5 40.
Bb3 Kf7 41. Re2 Rhd8+ 42. Ke1 Rd6 43. Re5 Kf6 44. Rb5 Rd4 45. Rb6 Re4+ 46. Kd2
Rh8 47. Bc2 Rd8+ 48. Bd3 Red4 49. Ke2 Rxf4 50. b3 Rh8 51. Ke3 Rh4 52. Bc4 Re4+
0-1

[Event "DVM U20 2007"]
[Site "Kelheim GER"]
[Date "2007.12.27"]
[Round "2"]
[White "Berner, Stephan"]
[Black "Baldauf, Manuel"]
[Result "1/2-1/2"]
[Termination "normal"]
[Board "5.4"]
[WhiteElo "1912"]
[BlackElo "1789"]
[WhiteTeam "SG Blau-Weiß Stadtilm"]
[BlackTeam "SGem Pang/Rosenheim"]
[PlyCount "132"]
[WhiteFideId "24613126"]
[BlackFideId "4648528"]
[EventCountry "GER"]
[EventRounds "7"]
[EventType "team-swiss"]
[EventDate "2007.12.26"]

1. e4 e6 2. d4 d5 3. Nc3 Nf6 4. Bg5 dxe4 5. Nxe4 Be7 6. Nxf6+ gxf6 7. Be3 a6 8.
Bc4 b5 9. Bb3 Bb7 10. Nf3 Bd5 11. Qe2 c6 12. O-O Nd7 13. c4 bxc4 14. Bxc4 Qb6
15. b3 O-O 16. Bxd5 cxd5 17. Bh6 Rfc8 18. Rfd1 Kh8 19. Ne1 Rg8 20. Rd3 Rg6 21.
Qe3 Rag8 22. g3 Rg4 23. Bf4 Bd6 24. Bxd6 Qxd6 25. Kf1 f5 26. Ng2 Rc8 27. Rc1
Rgg8 28. Rdc3 Qb8 29. Qe2 Rxc3 30. Rxc3 Rc8 31. Qc2 Rxc3 32. Qxc3 Qb7 33. Ne3
Kg7 34. Ke2 Nb8 35. Nc2 Qc6 36. Qd2 f6 37. Qd3 Kf7 38. Kd2 Qc7 39. Qe2 Qa5+ 40.
b4 Qxa2 41. Qh5+ Ke7 42. Qxh7+ Kd6 43. Qh6 Nd7 44. Qf4+ e5 45. Qxf5 e4 46. Qf4+
Ke6 47. Qc7 Qa4 48. Qa5 Qc6 49. Qa2 Qb5 50. Qb3 Qf1 51. Qe3 Nb6 52. Kc3 Qc4+
53. Kb2 Na4+ 54. Kc1 Qf1+ 55. Qe1 Qd3 56. Qd1 Qc3 57. Qg4+ Kd6 58. Qf4+ Ke6 59.
Qg4+ Kd6 60. Qf4+ Ke6 61. Qe3 Qb2+ 62. Kd2 Nb6 63. Qe2 Nc4+ 64. Ke1 Qc3+ 65.
Kd1 Nb2+ 66. Kc1 Nd3+ 1/2-1/2

[Event "DVM U20 2007"]
[Site "Kelheim GER"]
[Date "2007.12.27"]
[Round "2"]
[White "Uhlmann, David"]
[Black "Kinzel, Tiffany"]
[Result "0-1"]
[Termination "normal"]
[Board "5.5"]
[WhiteElo "2004"]
[BlackElo "1727"]
[WhiteTeam "SGem Pang/Rosenheim"]
[BlackTeam "SG Blau-Weiß Stadtilm"]
[PlyCount "80"]
[WhiteFideId "24641901"]
[BlackFideId "4633741"]
[EventCountry "GER"]
[EventRounds "7"]
[EventType "team-swiss"]
[EventDate "2007.12.26"]

1. d4 Nf6 2. c4 d5 3. cxd5 Nxd5 4. e4 Nf6 5. Nc3 e6 6. Be3 Bb4 7. Bd3 Nc6 8.
Nge2 Ng4 9. O-O Nxe3 10. fxe3 O-O 11. e5 Ne7 12. a3 Ba5 13. b4 Bb6 14. Ng3 Ng6
15. Nce4 a6 16. Nh5 a5 17. b5 Bd7 18. a4 Rc8 19. Rf3 Nh4 20. Rg3 Nf5 21. Rh3 f6
22. Qg4 fxe5 23. Nef6+ Rxf6 24. Bxf5 g6 25. Nxf6+ Qxf6 26. Be4 exd4 27. Rf1
dxe3 28. Qe2 Qb2 29. Re1 Rf8 30. Rf3 Rxf3 31. gxf3 Qf6 32. Bxb7 e5 33. Kh1 Bh3
34. Be4 Qh4 35. Qc4+ Kg7 36. Qc3 Qf2 37. Qxe5+ Kh6 38. Qg3 Bg2+ 39. Qxg2 Qxe1+
40. Qg1 Qxg1+ 0-1

[Event "DVM U20 2007"]
[Site "Kelheim GER"]
[Date "2007.12.27"]
[Round "2"]
[White "George, Tom"]
[Black "Anker, Christin"]
[Result "1-0"]
[Termination "normal"]
[Board "5.6"]
[WhiteElo "1684"]
[BlackElo "1750"]
[WhiteTeam "SG Blau-Weiß Stadtilm"]
[BlackTeam "SGem Pang/Rosenheim"]
[PlyCount "105"]
[WhiteFideId "24659487"]
[BlackFideId "1615688"]
[EventCountry "GER"]
[EventRounds "7"]
[EventType "team-swiss"]
[EventDate "2007.12.26"]

1. e4 e5 2. Nf3 Nc6 3. d4 exd4 4. Nxd4 Bc5 5. Nxc6 Qf6 6. Qe2 dxc6 7. Nc3 Qe7
8. Be3 Be6 9. Bxc5 Qxc5 10. O-O-O Nf6 11. h3 Nd7 12. f4 f6 13. Qf3 O-O-O 14.
Be2 Rhe8 15. Rd2 Nb6 16. Rhd1 Rxd2 17. Rxd2 Qe7 18. Qf2 Kb8 19. Qd4 Bf7 20. Bf3
a6 21. a3 Nc4 22. Rd1 Nd6 23. Qc5 Bg6 24. g4 h6 25. Rd2 Bf7 26. Re2 Qd7 27. Rd2
Qe6 28. Re2 Nc4 29. Nd5 Nd6 30. e5 cxd5 31. exd6 Qxd6 32. Rxe8+ Bxe8 33. Qxd6
cxd6 34. Bxd5 Kc7 35. Kd2 Bb5 36. Ke3 Bf1 37. h4 Bh3 38. g5 Bf5 39. c3 b6 40.
Kd4 Bb1 41. Be4 Bxe4 42. Kxe4 hxg5 43. hxg5 fxg5 44. fxg5 g6 45. Kd5 Kd7 46. a4
b5 47. a5 b4 48. cxb4 Kc7 49. b5 axb5 50. b4 Kd7 51. a6 Kc7 52. a7 Kb7 53. Kxd6
1-0

[Event "DVM U20 2007"]
[Site "Kelheim GER"]
[Date "2007.12.27"]
[Round "2"]
[White "Krug, Kevin"]
[Black "Geske, Julian"]
[Result "0-1"]
[Termination "normal"]
[Board "6.1"]
[WhiteElo "2177"]
[BlackElo "2206"]
[WhiteTeam "SF Köln-Mülheim"]
[BlackTeam "SV Hofheim"]
[PlyCount "102"]
[WhiteFideId "24609110"]
[BlackFideId "24605263"]
[EventCountry "GER"]
[EventRounds "7"]
[EventType "team-swiss"]
[EventDate "2007.12.26"]

1. d4 Nf6 2. c4 g6 3. Nc3 Bg7 4. g3 O-O 5. Bg2 d6 6. e3 Nc6 7. Nge2 Bd7 8. b3
e5 9. h3 Qc8 10. g4 h5 11. g5 Nh7 12. h4 exd4 13. exd4 Re8 14. Be3 Bf5 15. a3
Qd7 16. b4 a6 17. Qd2 Rad8 18. Rc1 f6 19. Nd5 fxg5 20. b5 Ne7 21. hxg5 c6 22.
Nxe7+ Rxe7 23. bxc6 bxc6 24. Kf1 Be4 25. Bxe4 Rxe4 26. d5 Rf8 27. Nf4 Qf5 28.
dxc6 Be5 29. Ng2 Kg7 30. c7 Rg4 31. Qd5 Nxg5 32. Nh4 Qd7 33. Qb7 Rc8 34. f3
Rxc7 35. Qb1 Qf7 36. Qxg6+ Qxg6 37. Nxg6 Nxf3 38. Nxe5 Nxe5 39. c5 Rf7+ 40. Ke2
Rg2+ 41. Kd1 dxc5 42. Rc3 Rd7+ 43. Ke1 Nf3+ 44. Kf1 Ra2 45. Rc1 Nh2+ 46. Kg1
Nf3+ 47. Kf1 Rf7 48. Rxh5 Kg6 49. Rh6+ Kg7 50. Rh5 Nd4+ 51. Ke1 Re2+ 0-1

[Event "DVM U20 2007"]
[Site "Kelheim GER"]
[Date "2007.12.27"]
[Round "2"]
[White "Dittmann, Moritz"]
[Black "Papaioannou, Dimitri"]
[Result "1/2-1/2"]
[Termination "normal"]
[Board "6.2"]
[WhiteElo "2084"]
[BlackElo "1998"]
[WhiteTeam "SV Hofheim"]
[BlackTeam "SF Köln-Mülheim"]
[PlyCount "103"]
[WhiteFideId "24647039"]
[BlackFideId "24673170"]
[EventCountry "GER"]
[EventRounds "7"]
[EventType "team-swiss"]
[EventDate "2007.12.26"]

1. e4 c6 2. d4 d5 3. Nc3 dxe4 4. Nxe4 Nd7 5. Ng5 Ngf6 6. Bc4 e6 7. Qe2 Nb6 8.
Bd3 Be7 9. N1f3 O-O 10. O-O h6 11. Ne4 Nbd5 12. c3 Nxe4 13. Bxe4 Nf6 14. Bc2
Qc7 15. Ne5 c5 16. Bf4 Bd6 17. Rad1 Rd8 18. dxc5 Qxc5 19. Qd3 Ne8 20. Qg3 Qc7
21. Rfe1 f6 22. Ng6 a5 23. Bxd6 Rxd6 24. Rxd6 Qxd6 25. Qxd6 Nxd6 26. Bb3 Kf7
27. Nf4 a4 28. Bxe6+ Bxe6 29. Rxe6 Nc4 30. Re2 Rd8 31. f3 g5 32. Nh3 Rd1+ 33.
Kf2 Rb1 34. g3 Nxb2 35. Ke3 Nc4+ 36. Kd4 Ne5 37. f4 Nf3+ 38. Kc5 g4 39. Nf2 f5
40. Nd3 Kf6 41. Nb4 a3 42. Kb6 Rb2 43. Re8 Nd2 44. Kxb7 Ne4 45. Kc6 Nxc3 46.
Re3 Nxa2 47. Nd5+ Kg6 48. Rxa3 Rxh2 49. Ne7+ Kf6 50. Nd5+ Kg6 51. Ne7+ Kf6 52.
Nd5+ 1/2-1/2

[Event "DVM U20 2007"]
[Site "Kelheim GER"]
[Date "2007.12.27"]
[Round "2"]
[White "Krutwig, Longlong"]
[Black "Dapprich, Maximilian"]
[Result "1-0"]
[Termination "normal"]
[Board "6.3"]
[WhiteElo "2169"]
[BlackElo "1922"]
[WhiteTeam "SF Köln-Mülheim"]
[BlackTeam "SV Hofheim"]
[PlyCount "79"]
[WhiteFideId "24629979"]
[BlackFideId "24666041"]
[EventCountry "GER"]
[EventRounds "7"]
[EventType "team-swiss"]
[EventDate "2007.12.26"]

1. d4 d5 2. Nf3 Nf6 3. Bf4 c5 4. c3 Qb6 5. Qb3 Nc6 6. dxc5 Qxc5 7. e3 e6 8.
Nbd2 h6 9. Rd1 Nh5 10. Be5 Nxe5 11. Nxe5 a6 12. e4 Nf6 13. exd5 Qxd5 14. Ndc4
Qe4+ 15. Be2 b5 16. Rd4 Qb1+ 17. Rd1 Qe4 18. f3 Qb7 19. Nd2 Bc5 20. c4 Qc7 21.
Nd3 bxc4 22. Qxc4 Bb6 23. Qxc7 Bxc7 24. Rc1 Nd5 25. O-O Bb6+ 26. Kh1 Be3 27.
Rc2 Ke7 28. Nc4 Bd7 29. f4 Rhc8 30. Bf3 Bb5 31. b3 Bd4 32. Re1 Kf6 33. a4 Bxc4
34. Rxc4 Bb6 35. Nb4 Ba5 36. Bxd5 Bxb4 37. Rxb4 exd5 38. Rb6+ Kf5 39. Rb7 Kf6
40. g4 1-0

[Event "DVM U20 2007"]
[Site "Kelheim GER"]
[Date "2007.12.27"]
[Round "2"]
[White "Hartmann, Nicolas"]
[Black "Schehl, Michael"]
[Result "1-0"]
[Termination "normal"]
[Board "6.4"]
[WhiteElo "2003"]
[BlackElo "1830"]
[WhiteTeam "SV Hofheim"]
[BlackTeam "SF Köln-Mülheim"]
[PlyCount "83"]
[WhiteFideId "24626481"]
[EventCountry "GER"]
[EventRounds "7"]
[EventType "team-swiss"]
[EventDate "2007.12.26"]

1. e4 c6 2. Nc3 d5 3. Nf3 Bg4 4. h3 Bh5 5. exd5 cxd5 6. g4 Bg6 7. Bb5+ Nc6 8.
Ne5 Qd6 9. d4 a6 10. Bxc6+ bxc6 11. Bf4 Qe6 12. O-O h5 13. Re1 Qc8 14. Nxg6
fxg6 15. Qd3 hxg4 16. Qxg6+ Kd8 17. Re6 Nf6 18. Rae1 gxh3 19. Na4 Qb7 20. Nc5
Qxb2 21. Rxc6 Rc8 22. Bc7+ Rxc7 23. Ne6+ Kc8 24. Rxc7+ Kb8 25. Kh2 Rh6 26. Qg1
Ng4+ 27. Qxg4 Rxe6 28. Rxe6 Kxc7 29. Qf4+ Kd7 30. Rxa6 Qb7 31. Qf5+ Ke8 32.
Qg6+ Kd7 33. Qe6+ Kc7 34. Ra3 g5 35. Rb3 Qa8 36. Rc3+ Kd8 37. Qb6+ Kd7 38. Rc7+
Ke8 39. Qe6 Qb8 40. Qc8+ Qxc8 41. Rxc8+ Kf7 42. Rxf8+ 1-0

[Event "DVM U20 2007"]
[Site "Kelheim GER"]
[Date "2007.12.27"]
[Round "2"]
[White "Butschek, Tanja"]
[Black "Ackermann, Johannes"]
[Result "1-0"]
[Termination "normal"]
[Board "6.5"]
[WhiteElo "2043"]
[BlackElo "1904"]
[WhiteTeam "SF Köln-Mülheim"]
[BlackTeam "SV Hofheim"]
[PlyCount "59"]
[WhiteFideId "24604640"]
[BlackFideId "24663875"]
[EventCountry "GER"]
[EventRounds "7"]
[EventType "team-swiss"]
[EventDate "2007.12.26"]

1. e4 c5 2. Nf3 Nc6 3. Bb5 g6 4. Bxc6 dxc6 5. O-O Bg7 6. Nc3 Nf6 7. d3 O-O 8.
Be3 b6 9. h3 Re8 10. Ne5 Nd7 11. Nxd7 Bxd7 12. f4 Bd4 13. Qf3 f5 14. Rab1 e5
15. fxe5 Rxe5 16. Kh1 Bxe3 17. Qxe3 Qe7 18. Rf4 fxe4 19. Nxe4 Bf5 20. Rbf1 Re8
21. Qf3 Rf8 22. Kg1 Kg7 23. Ng3 Qe6 24. a4 Rf7 25. Ne4 Rf8 26. Qf2 Qe7 27. d4
Bxe4 28. Rxf8 Bf5 29. Ra8 Qb7 30. Qg3 1-0

[Event "DVM U20 2007"]
[Site "Kelheim GER"]
[Date "2007.12.27"]
[Round "2"]
[White "Ohme, Melanie"]
[Black "Krege, Sandra"]
[Result "1-0"]
[Termination "normal"]
[Board "7.1"]
[WhiteTitle "WFM"]
[WhiteElo "2274"]
[BlackElo "2107"]
[WhiteTeam "SC Leipzig-Gohlis"]
[BlackTeam "SF Hettstedt"]
[PlyCount "45"]
[WhiteFideId "4690745"]
[BlackFideId "4680910"]
[EventCountry "GER"]
[EventRounds "7"]
[EventType "team-swiss"]
[EventDate "2007.12.26"]

1. e4 c5 2. Na3 Nc6 3. Bb5 Nf6 4. d3 g6 5. Nf3 Qc7 6. O-O Bg7 7. Re1 O-O 8. e5
Nd5 9. Bxc6 Qxc6 10. c4 Nb4 11. d4 d5 12. Bg5 f6 13. exf6 exf6 14. Bf4 dxc4 15.
Nxc4 b5 16. Nd6 c4 17. Bg3 Nd3 18. Re7 Bg4 19. Qe2 Qd5 20. Ne8 Rf7 21. Nc7 Bxf3
22. gxf3 Qb7 23. Rxf7 1-0

[Event "DVM U20 2007"]
[Site "Kelheim GER"]
[Date "2007.12.27"]
[Round "2"]
[White "Hofmann, Annett"]
[Black "Hentze, Markus"]
[Result "0-1"]
[Termination "normal"]
[Board "7.2"]
[WhiteElo "1973"]
[BlackElo "1932"]
[WhiteTeam "SF Hettstedt"]
[BlackTeam "SC Leipzig-Gohlis"]
[PlyCount "70"]
[WhiteFideId "24603759"]
[BlackFideId "4670922"]
[EventCountry "GER"]
[EventRounds "7"]
[EventType "team-swiss"]
[EventDate "2007.12.26"]

1. e4 e5 2. f4 Bc5 3. Nf3 d6 4. Bc4 Nc6 5. Nc3 Nf6 6. d3 Bg4 7. Bd2 a6 8. Nd5
Nd4 9. h4 Nxd5 10. Bxd5 c6 11. Bb3 Nxb3 12. axb3 exf4 13. Bxf4 Qf6 14. Qc1 Bxf3
15. gxf3 Qd4 16. Rf1 b5 17. Bd2 O-O 18. b4 Bb6 19. Ke2 Qe5 20. Bf4 Qe7 21. c3
d5 22. Kd1 Rfd8 23. Kc2 d4 24. h5 c5 25. Rg1 Rdc8 26. Bh6 g6 27. hxg6 fxg6 28.
Rg2 cxb4 29. f4 b3+ 30. Kxb3 dxc3 31. Ka2 cxb2 32. Qxb2 Qf7+ 33. Kb1 Be3 34.
Qa3 Rc1+ 35. Kb2 Rac8 0-1

[Event "DVM U20 2007"]
[Site "Kelheim GER"]
[Date "2007.12.27"]
[Round "2"]
[White "Kunth, Tobias"]
[Black "Hänse, Felix"]
[Result "0-1"]
[Termination "normal"]
[Board "7.4"]
[WhiteElo "2087"]
[BlackElo "1727"]
[WhiteTeam "SF Hettstedt"]
[BlackTeam "SC Leipzig-Gohlis"]
[PlyCount "86"]
[WhiteFideId "24637319"]
[EventCountry "GER"]
[EventRounds "7"]
[EventType "team-swiss"]
[EventDate "2007.12.26"]

1. c4 Nf6 2. Nc3 g6 3. g3 Bg7 4. Bg2 d6 5. e4 Nc6 6. Nge2 Bg4 7. f3 Bd7 8. O-O
h5 9. h3 Qc8 10. Kh2 Nh7 11. f4 Na5 12. d3 c5 13. Rb1 Nc6 14. a3 e5 15. Nb5 Qb8
16. b4 O-O 17. Nbc3 cxb4 18. axb4 a5 19. Nd5 axb4 20. Nb6 Qc7 21. Nxa8 Rxa8 22.
Bd2 Qa5 23. Qc2 exf4 24. Bxf4 Qc5 25. Qd2 Ra3 26. Be3 Qa5 27. d4 Qa4 28. Bf4
Ra2 29. Rb2 b3 30. Rfb1 Qxc4 31. Rc1 Qa4 32. Nc3 Rxb2 33. Qxb2 Qb4 34. e5 dxe5
35. Bxc6 Bxc6 36. Bxe5 Bxe5 37. dxe5 Ng5 38. Nd5 Bxd5 39. Rc8+ Kh7 40. e6 Nf3+
41. Kg2 Qd2+ 42. Qxd2 Nxd2+ 43. Kf2 Bxe6 0-1

[Event "DVM U20 2007"]
[Site "Kelheim GER"]
[Date "2007.12.27"]
[Round "2"]
[White "Sandring, Franz"]
[Black "Kaczmarek, Felix"]
[Result "0-1"]
[Termination "normal"]
[Board "7.5"]
[WhiteElo "1543"]
[BlackElo "1814"]
[WhiteTeam "SC Leipzig-Gohlis"]
[BlackTeam "SF Hettstedt"]
[PlyCount "56"]
[WhiteFideId "24659525"]
[BlackFideId "24659444"]
[EventCountry "GER"]
[EventRounds "7"]
[EventType "team-swiss"]
[EventDate "2007.12.26"]

1. d4 c5 2. d5 f5 3. c4 Nf6 4. Nc3 g6 5. Bf4 d6 6. Nf3 Bg7 7. Qd2 Na6 8. h4 h6
9. Nh2 Nh5 10. g3 Nxf4 11. gxf4 Rg8 12. Bg2 Bd7 13. Nf3 Qc7 14. a3 O-O-O 15.
Na2 e5 16. fxe5 dxe5 17. Rb1 e4 18. Ng1 Kb8 19. b4 cxb4 20. Nxb4 Nxb4 21. Rxb4
Bf8 22. Rb3 Qxc4 23. Rhh3 Ba4 24. Rhc3 Qxd5 25. Qxd5 Rxd5 26. Rb1 Bg7 27. Rc4
Rgd8 28. e3 Rd1+ 0-1

[Event "DVM U20 2007"]
[Site "Kelheim GER"]
[Date "2007.12.27"]
[Round "2"]
[White "Friedrich, Jan"]
[Black "Bohne, Alexander"]
[Result "1-0"]
[Termination "normal"]
[Board "7.6"]
[WhiteElo "1507"]
[BlackElo "1394"]
[WhiteTeam "SF Hettstedt"]
[BlackTeam "SC Leipzig-Gohlis"]
[PlyCount "42"]
[WhiteFideId "24659452"]
[BlackFideId "24659533"]
[EventCountry "GER"]
[EventRounds "7"]
[EventType "team-swiss"]
[EventDate "2007.12.26"]

1. e4 d5 2. exd5 Nf6 3. d4 Nxd5 4. c4 Nb6 5. Nc3 Bf5 6. Nf3 Nc6 7. a3 e6 8. Be3
Bg4 9. c5 Nd5 10. Nxd5 Qxd5 11. Be2 Be7 12. O-O O-O 13. b4 Rfd8 14. b5 Nb8 15.
Qa4 Nd7 16. Rfd1 a6 17. bxa6 bxa6 18. Bf4 Qe4 19. Be3 Bxc5 20. Bd3 Qd5 21. dxc5
Ne5 1-0

[Event "DVM U20 2007"]
[Site "Kelheim GER"]
[Date "2007.12.27"]
[Round "2"]
[White "Fuhrmann, Max"]
[Black "Schmitt, Philipp"]
[Result "1/2-1/2"]
[Termination "normal"]
[Board "8.1"]
[WhiteElo "2049"]
[BlackElo "2025"]
[WhiteTeam "SK Kelheim"]
[BlackTeam "SF Bad Mergentheim"]
[PlyCount "104"]
[WhiteFideId "24620114"]
[BlackFideId "24641766"]
[EventCountry "GER"]
[EventRounds "7"]
[EventType "team-swiss"]
[EventDate "2007.12.26"]

1. e4 e6 2. d4 d5 3. Nc3 Bb4 4. exd5 exd5 5. Bd3 Nc6 6. a3 Bxc3+ 7. bxc3 Nf6 8.
Ne2 Na5 9. O-O O-O 10. Ng3 Qd6 11. a4 Re8 12. h3 a6 13. Qf3 Bd7 14. Bg5 Bc6 15.
Nf5 Qe6 16. Nh6+ Kf8 17. Bf5 Qd6 18. Bxh7 Bd7 19. Bd3 Nc4 20. Ng4 Bxg4 21. hxg4
Ne4 22. Bc1 Ned2 23. Qh3 Nxf1 24. Kxf1 Qf6 25. Qh2 Nd6 26. Ba3 g6 27. Bc1 Ke7
28. g5 Qe6 29. Bf4 Rh8 30. Qg1 Kd7 31. f3 Rae8 32. Kf2 Qe7 33. Qb1 Rb8 34. Qb3
c6 35. Re1 Qd8 36. Qb4 Qc7 37. c4 dxc4 38. Bxc4 a5 39. Qa3 Rbe8 40. Rxe8 Rxe8
41. Bxf7 Rf8 42. Bxd6 Qxd6 43. Qxd6+ Kxd6 44. Bxg6 Rg8 45. Bd3 Rxg5 46. c4 Rh5
47. Ke3 Rh1 48. g4 Re1+ 49. Kd2 Ra1 50. Bc2 Ra3 51. Bd1 Ke6 52. f4 Rg3 1/2-1/2

[Event "DVM U20 2007"]
[Site "Kelheim GER"]
[Date "2007.12.27"]
[Round "2"]
[White "Pfleger, Jochen"]
[Black "Eibl, Maximilian"]
[Result "1/2-1/2"]
[Termination "normal"]
[Board "8.2"]
[WhiteElo "1888"]
[BlackElo "1998"]
[WhiteTeam "SF Bad Mergentheim"]
[BlackTeam "SK Kelheim"]
[PlyCount "55"]
[WhiteFideId "24641634"]
[BlackFideId "24620092"]
[EventCountry "GER"]
[EventRounds "7"]
[EventType "team-swiss"]
[EventDate "2007.12.26"]

1. c4 Nf6 2. Nf3 e6 3. g3 b6 4. Bg2 Bb7 5. O-O Be7 6. d4 d6 7. Nc3 Nbd7 8. Re1
c5 9. e4 cxd4 10. Nxd4 O-O 11. e5 dxe5 12. Bxb7 exd4 13. Bxa8 dxc3 14. Bg2 Bb4
15. Re2 Qc7 16. a3 cxb2 17. Bxb2 Be7 18. Rd2 Nc5 19. Qc2 Rc8 20. Rad1 Ne8 21.
h4 h6 22. f4 Bf6 23. Bxf6 Nxf6 24. Rd4 Kf8 25. Qd2 Ke8 26. Qe3 Kf8 27. f5 exf5
28. Rd6 1/2-1/2

[Event "DVM U20 2007"]
[Site "Kelheim GER"]
[Date "2007.12.27"]
[Round "2"]
[White "Grafl, Pascal"]
[Black "Piven, Vladimir"]
[Result "0-1"]
[Termination "normal"]
[Board "8.3"]
[WhiteElo "1937"]
[BlackElo "1829"]
[WhiteTeam "SK Kelheim"]
[BlackTeam "SF Bad Mergentheim"]
[PlyCount "94"]
[WhiteFideId "24634727"]
[BlackFideId "4670272"]
[EventCountry "GER"]
[EventRounds "7"]
[EventType "team-swiss"]
[EventDate "2007.12.26"]

1. e4 e5 2. Nf3 Nc6 3. Bc4 Bc5 4. O-O d6 5. h3 Nf6 6. d3 O-O 7. Bg5 Be6 8. Bb3
h6 9. Bh4 g5 10. Bg3 Qe7 11. Nc3 Na5 12. d4 Nxb3 13. axb3 exd4 14. Nxd4 Rfe8
15. Re1 Qd7 16. Nxe6 Rxe6 17. e5 dxe5 18. Rxe5 Rxe5 19. Bxe5 Qe7 20. Bxf6 Qxf6
21. Ne4 Qd4 22. Nxc5 Qxc5 23. Ra4 Re8 24. Qd2 a6 25. Rd4 Qe5 26. Rd7 Qxb2 27.
f4 Qf6 28. fxg5 hxg5 29. Rd5 Re5 30. Rd8+ Kg7 31. Rd7 Rf5 32. Qe2 Re5 33. Qd2
b5 34. Qc3 c5 35. Qd2 Qe6 36. Rd6 Re1+ 37. Kf2 Re2+ 38. Qxe2 Qxd6 39. Kg1 f6
40. Kh1 Qd7 41. Kh2 a5 42. Qe4 a4 43. bxa4 bxa4 44. h4 a3 45. hxg5 Qd6+ 46. Kh3
fxg5 47. Qe3 Qh6+ 0-1

[Event "DVM U20 2007"]
[Site "Kelheim GER"]
[Date "2007.12.27"]
[Round "2"]
[White "Krebs, Alexander"]
[Black "Singer, Michael"]
[Result "0-1"]
[Termination "normal"]
[Board "8.4"]
[WhiteElo "1550"]
[BlackElo "1773"]
[WhiteTeam "SF Bad Mergentheim"]
[BlackTeam "SK Kelheim"]
[PlyCount "106"]
[WhiteFideId "24670626"]
[BlackFideId "24652075"]
[EventCountry "GER"]
[EventRounds "7"]
[EventType "team-swiss"]
[EventDate "2007.12.26"]

1. e4 e6 2. d4 d5 3. exd5 exd5 4. Nf3 Nf6 5. Bg5 Be7 6. Bd3 O-O 7. O-O Bg4 8.
c3 Nbd7 9. Nbd2 Re8 10. Qc2 Rc8 11. Ne5 h6 12. Nxg4 Nxg4 13. Bxe7 Qxe7 14. Nf3
Qd6 15. Bf5 Ngf6 16. Rfe1 Rcd8 17. c4 dxc4 18. Qxc4 Nb6 19. Qb3 Qf4 20. Bc2
Nfd5 21. Rad1 c6 22. Ne5 Re6 23. Qd3 Nf6 24. Re3 c5 25. Nxf7 Rxd4 26. Qe2 Rxd1+
27. Bxd1 Rxe3 28. fxe3 Qc7 29. Nxh6+ gxh6 30. Qf3 Qe5 31. Qe2 Kg7 32. Kf2 Qxh2
33. Qf3 Qh4+ 34. Kg1 Nbd5 35. Bc2 Qe1+ 36. Kh2 Qxe3 37. Qg3+ Qxg3+ 38. Kxg3 c4
39. a3 Ne3 40. Ba4 a6 41. Kf3 Nfd5 42. Bd7 Kf6 43. Ke4 Nb6 44. Kxe3 Nxd7 45.
Kd4 Ne5 46. a4 b6 47. Kc3 Ke6 48. b4 Kd5 49. g3 h5 50. Kd2 Kd4 51. a5 b5 52.
Kc2 Nd3 53. Kd2 Nxb4 0-1

[Event "DVM U20 2007"]
[Site "Kelheim GER"]
[Date "2007.12.27"]
[Round "2"]
[White "Bräutigam, Markus"]
[Black "Pfleger, Jürgen"]
[Result "1-0"]
[Termination "normal"]
[Board "8.5"]
[WhiteElo "1651"]
[BlackElo "1787"]
[WhiteTeam "SK Kelheim"]
[BlackTeam "SF Bad Mergentheim"]
[PlyCount "109"]
[WhiteFideId "24620076"]
[BlackFideId "24641642"]
[EventCountry "GER"]
[EventRounds "7"]
[EventType "team-swiss"]
[EventDate "2007.12.26"]

1. c4 e6 2. e4 c6 3. Nc3 f5 4. d3 Nf6 5. g3 d5 6. exd5 exd5 7. Bg2 Bb4 8. Bd2
O-O 9. Nge2 Re8 10. O-O Bxc3 11. Nxc3 Be6 12. b3 Nbd7 13. Ne2 Nc5 14. Nf4 Bf7
15. Qc2 Ne6 16. Rfe1 Qb6 17. Be3 Qa5 18. Bd2 Qb6 19. Nxe6 Bxe6 20. Re2 Bf7 21.
Rae1 Rxe2 22. Rxe2 Re8 23. Bg5 dxc4 24. Rxe8+ Bxe8 25. dxc4 Qc5 26. Bxf6 gxf6
27. Bh3 Bg6 28. Qd2 Qe7 29. Qf4 Qe5 30. Qd2 Qe7 31. Bf1 b6 32. b4 Bf7 33. a3
Kg7 34. Qc2 Qe5 35. c5 Bd5 36. Qe2 Kg6 37. Qe3 Qe4 38. Qxe4 fxe4 39. Be2 f5 40.
h4 h6 41. Kg2 e3+ 42. Kg1 exf2+ 43. Kxf2 Kf6 44. Ke3 Ke5 45. cxb6 axb6 46. a4
c5 47. bxc5 bxc5 48. a5 c4 49. a6 c3 50. a7 c2 51. Kd2 Be4 52. Bc4 Kd6 53. Bb3
Kc7 54. Bxc2 Bxc2 55. a8=Q 1-0